| 000 | 00644nam a2200241Ia 4500 | ||
|---|---|---|---|
| 001 | 1121 | ||
| 003 | GE_BSU | ||
| 008 | 181216s||||||||xx |||||||||||||| ||und|| | ||
| 020 | _a5893496817 | ||
| 040 | _cGE_BSU | ||
| 080 | _a81(075.8):008 | ||
| 100 | _aХроленко,А.Т. | ||
| 245 | _aОсновы лингвокультурологии | ||
| 245 | _bУч-е пособие | ||
| 245 | _cПод ред.В.Д.Бондалетова | ||
| 260 | _aМосква | ||
| 260 | _bФлинта | ||
| 260 | _c2004 | ||
| 300 | _a184стр. | ||
| 541 | _h6л. | ||
| 653 | _aОсновы лингвокультурологии | ||
| 942 | _cBK | ||
| 999 |
_c35272 _d35272 |
||